[Event "Oberliga Ost-B 1415"]
[Site "Germany"]
[Date "2014.11.09"]
[Round "4.6"]
[White "Weber, Matthias"]
[Black "Stabernack, Joschi"]
[Result "1/2-1/2"]
[WhiteElo "2184"]
[BlackElo "2084"]
[PlyCount "93"]
[EventDate "2014.09.21"]
[EventType "team-tourn"]
[EventRounds "11"]
[EventCountry "GER"]
[SourceTitle "EXT 2016"]
[Source "ChessBase"]
[SourceDate "2015.10.08"]
[SourceVersion "1"]
[SourceVersionDate "2015.10.08"]
[SourceQuality "1"]
[WhiteTeam "Merseburg"]
[BlackTeam "Kassel"]
[WhiteTeamCountry "GER"]
[BlackTeamCountry "GER"]

1. d4 Nf6 2. Nf3 g6 3. c4 Bg7 4. Nc3 0-0 5. e4 d6 6. h3 e5 7. dxe5 dxe5 8. Bg5 c6 9. Be2 Na6 10. 0-0 Qc7 11. a3 Nc5 12. Qc2 b6 13. Be3 Ne6 14. Rfd1 Bb7 15. b4 Nd7 16. g4 Rfd8 17. Rac1 Ndf8 18. Qa2 Nd4 19. c5 Qe7 20. Ng5 b5 21. Kg2 h6 22. Nf3 Bc8 23. Bf1 Be6 24. Qb1 Rd7 25. Ne2 Rad8 26. Nexd4 exd4 27. Bf4 f5 28. exf5 gxf5 29. gxf5 Bd5 30. Re1 Qh4 31. Bg3 Qg5 32. Qd3 Rf7 33. Kh2 Qxf5 34. Qxf5 Rxf5 35. Nh4 Rf7 36. Bg2 Bxg2 37. Kxg2 d3 38. Rcd1 Bb2 39. Bd6 Bxa3 40. Re4 d2 41. Rxd2 Bc1 42. Rde2 Kh7 43. Re7 Rd7 44. Re8 Ng6 45. Nxg6 Kxg6 46. Rc8 Rf6 47. Rxc6 1/2-1/2

[Event "Wiesbaden op 25th"]
[Site "Wiesbaden"]
[Date "2013.08.23"]
[Round "2"]
[White "Stabernack, Joschi"]
[Black "Carow, Johannes"]
[Result "0-1"]
[WhiteElo "2060"]
[BlackElo "2375"]
[PlyCount "74"]
[EventDate "2013.08.22"]
[EventType "swiss"]
[EventRounds "7"]
[EventCountry "GER"]
[SourceTitle "CBM 156 Extra"]
[Source "ChessBase"]
[SourceDate "2013.10.22"]
[SourceVersion "1"]
[SourceVersionDate "2013.10.22"]
[SourceQuality "1"]

1. e4 c5 2. Nf3 e6 3. d4 cxd4 4. Nxd4 a6 5. Bd3 Bc5 6. Nb3 Be7 7. 0-0 Nc6 8. f4 d6 9. a4 Nf6 10. a5 b5 11. axb6 Qxb6+ 12. Kh1 0-0 13. Qe2 Nb4 14. Be3 Qb8 15. N1d2 Bd7 16. Ra5 Rc8 17. c3 Nxd3 18. Qxd3 Bd8 19. Ra3 d5 20. Rfa1 a5 21. e5 Ng4 22. Bd4 Be8 23. Qe2 Nh6 24. Nf3 a4 25. Nc1 Qb7 26. Nd3 Be7 27. R3a2 Bb5 28. Qd2 Qc6 29. Rd1 Rab8 30. Nfe1 Nf5 31. Qf2 h5 32. Raa1 Bc4 33. Rd2 Rb7 34. Qg1 Rcb8 35. Qf2 Bh4 36. g3 Be7 37. Bc5 d4+ 0-1

[Event "Vellmar op-A 5th"]
[Site "Vellmar"]
[Date "2013.07.27"]
[Round "5"]
[White "Kiesel, Harald"]
[Black "Stabernack, Joschi"]
[Result "1/2-1/2"]
[WhiteElo "2140"]
[BlackElo "2041"]
[PlyCount "85"]
[EventDate "2013.07.25"]
[EventType "swiss"]
[EventRounds "7"]
[EventCountry "GER"]
[SourceTitle "EXT 2015"]
[Source "ChessBase"]
[SourceDate "2014.11.20"]
[SourceVersion "1"]
[SourceVersionDate "2014.11.20"]
[SourceQuality "1"]

1. e4 e5 2. Nf3 Nf6 3. Nxe5 Nxe4 4. Qe2 Qe7 5. Qxe4 d6 6. d4 dxe5 7. dxe5 Nc6 8. Bf4 g5 9. Bd2 h6 10. Bb5 Bd7 11. Nc3 Qb4 12. Qxb4 Bxb4 13. 0-0-0 0-0-0 14. h4 g4 15. Rhe1 Rde8 16. Bf4 a6 17. Bc4 Be6 18. Bxe6+ Rxe6 19. Re3 Bxc3 20. bxc3 Na5 21. Red3 Nc4 22. Rd5 b5 23. R1d3 Rhe8 24. f3 gxf3 25. Rxf3 Rd8 26. Rd4 Rd7 27. g4 f6 28. Bxh6 Rxe5 29. Rfd3 Rh7 30. g5 fxg5 31. hxg5 Nd6 32. Bf8 Rh1+ 33. Rd1 Rxd1+ 34. Rxd1 Rxg5 35. Bxd6 cxd6 36. Rxd6 Kb7 37. Kb2 Rg2 38. Kb3 Rh2 39. Rg6 Rf2 40. Rd6 Rh2 41. Rf6 Rg2 42. Rf4 a5 43. Rf7+ 1/2-1/2

[Event "Vellmar op-A 5th"]
[Site "Vellmar"]
[Date "2013.07.27"]
[Round "4"]
[White "Stabernack, Joschi"]
[Black "Langheinrich, Ferenc"]
[Result "0-1"]
[WhiteElo "2041"]
[BlackElo "2434"]
[PlyCount "90"]
[EventDate "2013.07.25"]
[EventType "swiss"]
[EventRounds "7"]
[EventCountry "GER"]
[SourceTitle "EXT 2015"]
[Source "ChessBase"]
[SourceDate "2014.11.20"]
[SourceVersion "1"]
[SourceVersionDate "2014.11.20"]
[SourceQuality "1"]

1. e4 c6 2. d4 d5 3. e5 Bf5 4. Nc3 Qb6 5. Nf3 e6 6. a3 Nd7 7. Be2 Ne7 8. 0-0 h6 9. b4 a5 10. Na4 Qc7 11. Bb2 Bh7 12. Bd3 Bxd3 13. Qxd3 Nc8 14. b5 cxb5 15. Qxb5 Be7 16. Rac1 Na7 17. Qb3 b5 18. Qc3 Qd8 19. Nc5 Nxc5 20. dxc5 Rc8 21. Qe3 Bxc5 22. Bd4 Qe7 23. Rb1 0-0 24. Rfd1 Rc7 25. Rd3 Rfc8 26. h3 Qd7 27. Rc3 Bxd4 28. Rxc7 Qxc7 29. Nxd4 Nc6 30. Nxb5 Qxe5 31. Qc5 Qb8 32. Nc3 Qa7 33. Rb5 Qd7 34. Rb6 Ne5 35. Qd4 Nc4 36. Rb5 Nxa3 37. Rxa5 Nxc2 38. Qd2 Nb4 39. Ne4 Qd8 40. Qxb4 dxe4 41. Ra7 Qd1+ 42. Kh2 Qd5 43. Ra5 Qc6 44. Ra4 Qc7+ 45. g3 e3 0-1

[Event "GER-ch U25 op-A"]
[Site "Oberhof"]
[Date "2013.05.19"]
[Round "2"]
[White "Stabernack, Joschi"]
[Black "Frischmann, Rick"]
[Result "1/2-1/2"]
[WhiteElo "2022"]
[BlackElo "2254"]
[PlyCount "128"]
[EventDate "2013.05.19"]
[EventType "swiss"]
[EventRounds "9"]
[EventCountry "GER"]
[SourceTitle "CBM 154 Extra"]
[Source "ChessBase"]
[SourceDate "2013.06.25"]
[SourceVersion "2"]
[SourceVersionDate "2013.06.25"]
[SourceQuality "1"]

1. e4 c5 2. Nf3 e6 3. d4 cxd4 4. Nxd4 a6 5. Bd3 Qc7 6. 0-0 Nf6 7. Qe2 d6 8. c4 g6 9. Nc3 Bg7 10. Rd1 0-0 11. Nf3 Nfd7 12. Bf4 Nc6 13. Rac1 Nde5 14. Nxe5 dxe5 15. Be3 Nd4 16. Qd2 Bd7 17. f3 Rfd8 18. Qf2 Be8 19. Ne2 Qa5 20. Bb1 Rd7 21. Nxd4 exd4 22. Bd2 Qd8 23. Bd3 e5 24. b4 Rc7 25. f4 f6 26. Qe2 Bf7 27. a4 Qe8 28. Ra1 Bh6 29. g3 exf4 30. Rdc1 Rac8 31. b5 Kh8 32. gxf4 Qg8 33. bxa6 bxa6 34. c5 Rxc5 35. Bxa6 Rxc1+ 36. Rxc1 Rxc1+ 37. Bxc1 Qb8 38. Bb2 Bxf4 39. Bxd4 Kg7 40. Bb5 Qc7 41. Be3 Be5 42. Qf2 Bb3 43. Qd2 Bc2 44. Qd7+ Qxd7 45. Bxd7 Bxe4 46. a5 Kf7 47. Bc5 Bb7 48. Bb5 Ke6 49. a6 Ba8 50. Bf1 Kd7 51. Bg2 Bxg2 52. Kxg2 Kc8 53. a7 Kb7 54. h3 f5 55. Kf3 g5 56. Be3 h6 57. Bc5 h5 58. Be3 g4+ 59. hxg4 hxg4+ 60. Kg2 f4 61. Bc5 f3+ 62. Kf2 Bc7 63. Bd4 Bb8 64. axb8Q+ Kxb8 1/2-1/2

[Event "Hessen-ch U18"]
[Site "Bad Homburg"]
[Date "2013.??.??"]
[Round "6"]
[White "Hebbering, Tom Elliot"]
[Black "Stabernack, Joschi"]
[Result "1/2-1/2"]
[WhiteElo "2002"]
[BlackElo "2012"]
[PlyCount "56"]
[EventDate "2013.03.??"]
[EventType "swiss"]
[EventRounds "7"]
[EventCountry "GER"]
[SourceTitle "EXT 2014"]
[Source "ChessBase"]
[SourceDate "2013.11.20"]
[SourceVersion "1"]
[SourceVersionDate "2013.11.20"]
[SourceQuality "1"]

1. d4 Nf6 2. c4 g6 3. Nc3 Bg7 4. e4 d6 5. Nf3 0-0 6. h3 e5 7. d5 a5 8. Bg5 h6 9. Be3 Na6 10. Nd2 Bd7 11. Be2 c6 12. 0-0 Ne8 13. dxc6 Bxc6 14. Nd5 f5 15. Bb6 Qd7 16. Bxa5 Bxd5 17. cxd5 Nc5 18. Bb4 Nxe4 19. Nxe4 fxe4 20. Bd2 Nf6 21. Be3 Kh7 22. a4 Rfc8 23. Bg4 Nxg4 24. Qxg4 Qf5 25. a5 h5 26. Qe2 Bh6 27. Bxh6 Kxh6 28. Rfe1 Rc5 1/2-1/2

[Event "GER-ch Net qual1 U18"]
[Site "Playchess.com INT"]
[Date "2012.09.01"]
[Round "3"]
[White "Stabernack, Joschi"]
[Black "Kvetny, Mark"]
[Result "0-1"]
[WhiteElo "1681"]
[BlackElo "2172"]
[PlyCount "98"]
[EventDate "2012.09.01"]
[EventType "swiss (blitz)"]
[EventRounds "7"]
[EventCountry "GER"]
[SourceTitle "CBM 150 Extra"]
[Source "ChessBase"]
[SourceDate "2012.10.19"]
[SourceVersion "1"]
[SourceVersionDate "2012.10.19"]
[SourceQuality "1"]

1. e4 c5 2. d4 cxd4 3. c3 dxc3 4. Nxc3 Nc6 5. Bc4 d6 6. Nf3 a6 7. e5 e6 8. Bg5 Qc7 9. 0-0 dxe5 10. Rc1 Nf6 11. Bxf6 gxf6 12. Ne4 Be7 13. a4 Bd7 14. b4 f5 15. Ng3 Qd6 16. b5 axb5 17. axb5 Nd4 18. Re1 Nxf3+ 19. Qxf3 e4 20. Qh5 Qf4 21. Red1 Qg5 22. Qe2 Rd8 23. Ra1 h5 24. Ra7 Rg8 25. Qxh5 Qxh5 26. Nxh5 Bc8 27. Rxd8+ Kxd8 28. Ng3 Kc7 29. Ra1 Bd7 30. Rd1 Rd8 31. Kf1 Bxb5 32. Rxd8 Bxc4+ 33. Ke1 Kxd8 34. Kd2 Bb4+ 35. Ke3 Ke7 36. Kf4 Kf6 37. Nxe4+ fxe4 38. Kxe4 Bd5+ 39. Kf4 Bd6+ 40. Ke3 Bxh2 41. g3 Kf5 42. f4 Kg4 43. Kd4 Bxg3 44. Ke5 Bxf4+ 45. Kf6 Be3 46. Ke7 Kf5 47. Kxf7 e5+ 48. Ke7 e4 49. Kd7 Bf4 0-1

[Event "GER-ch Net qual1 U18"]
[Site "Playchess.com INT"]
[Date "2012.09.01"]
[Round "6"]
[White "Wilhelm, Rostyslav Paul"]
[Black "Stabernack, Joschi"]
[Result "0-1"]
[WhiteElo "1461"]
[BlackElo "1681"]
[PlyCount "43"]
[EventDate "2012.09.01"]
[EventType "swiss (blitz)"]
[EventRounds "7"]
[EventCountry "GER"]
[SourceTitle "CBM 150 Extra"]
[Source "ChessBase"]
[SourceDate "2012.10.19"]
[SourceVersion "1"]
[SourceVersionDate "2012.10.19"]
[SourceQuality "1"]

1. d4 Nf6 2. c4 g6 3. Nc3 Bg7 4. Nf3 0-0 5. e4 d6 6. Be2 e5 7. 0-0 Nc6 8. dxe5 dxe5 9. Bg5 Be6 10. b3 h6 11. Bxf6 Bxf6 12. Qxd8 Raxd8 13. Rfd1 Nd4 14. Nxd4 exd4 15. Nb5 d3 16. Rab1 dxe2 17. Re1 Rd2 18. Nxc7 Bc3 19. Nd5 Bxd5 20. exd5 Rxa2 21. Rec1 e1Q+ 22. Rxe1 0-1

[Event "Vellmar op-A 4th"]
[Site "Vellmar"]
[Date "2012.07.28"]
[Round "4"]
[White "Stabernack, Joschi"]
[Black "Rieke, Theo"]
[Result "1/2-1/2"]
[WhiteElo "1928"]
[BlackElo "2140"]
[PlyCount "40"]
[EventDate "2012.07.26"]
[EventType "swiss"]
[EventRounds "7"]
[EventCountry "GER"]
[SourceTitle "EXT 2014"]
[Source "ChessBase"]
[SourceDate "2013.11.20"]
[SourceVersion "1"]
[SourceVersionDate "2013.11.20"]
[SourceQuality "1"]

1. e4 g6 2. d4 d6 3. Nc3 Bg7 4. Bc4 a6 5. a4 e6 6. Nf3 Ne7 7. 0-0 b6 8. Re1 Nd7 9. Be3 Bb7 10. Qd2 h6 11. Qe2 0-0 12. h4 Nf6 13. e5 Nfd5 14. Bd2 Nxc3 15. Bxc3 Bxf3 16. Qxf3 d5 17. Bd3 c5 18. b3 Nc6 19. Qf4 Qc7 20. Qe3 cxd4 1/2-1/2

[Event "Vellmar op-A 4th"]
[Site "Vellmar"]
[Date "2012.07.27"]
[Round "3"]
[White "Baciu, Diana"]
[Black "Stabernack, Joschi"]
[Result "1-0"]
[WhiteElo "2211"]
[BlackElo "1928"]
[PlyCount "123"]
[EventDate "2012.07.26"]
[EventType "swiss"]
[EventRounds "7"]
[EventCountry "GER"]
[SourceTitle "EXT 2014"]
[Source "ChessBase"]
[SourceDate "2013.11.20"]
[SourceVersion "1"]
[SourceVersionDate "2013.11.20"]
[SourceQuality "1"]

1. e4 e5 2. Nf3 Nf6 3. Nxe5 Nxe4 4. d4 d5 5. Bd3 Bd6 6. 0-0 0-0 7. c3 Nd7 8. Bf4 Qf6 9. Nxd7 Bxd7 10. Bxd6 Nxd6 11. Nd2 Bf5 12. Nf3 Bxd3 13. Qxd3 c6 14. Ne5 Qf5 15. Qxf5 Nxf5 16. a4 f6 17. Nd3 a5 18. Rfb1 Nd6 19. f3 Rfb8 20. b4 b6 21. Ra2 Kf7 22. Kf2 h6 23. bxa5 bxa5 24. Rab2 Rxb2+ 25. Rxb2 Ra7 26. Nc5 Nc4 27. Rb8 Rc7 28. Ra8 Ke7 29. f4 Kd6 30. f5 Re7 31. Ne6 Rb7 32. Rd8+ Rd7 33. Rb8 Ke7 34. Nxg7 Nd6 35. Ra8 Ne4+ 36. Ke3 Nxc3 37. Rxa5 Kd6 38. Ne6 Ne4 39. Ra8 Ng5 40. Nxg5 hxg5 41. a5 Rb7 42. a6 Rb3+ 43. Ke2 Rb2+ 44. Kf3 Rb3+ 45. Kg4 Ra3 46. Kh5 c5 47. a7 Kc7 48. dxc5 d4 49. Rf8 Rxa7 50. Rxf6 Ra5 51. Rd6 Rxc5 52. Rxd4 Rxf5 53. Rg4 Kd7 54. Rxg5 Rf2 55. Kg6 Ke6 56. h4 Rf6+ 57. Kg7 Rf7+ 58. Kh6 Rf4 59. h5 Kf7 60. Kh7 Rf2 61. g4 Kf6 62. Rf5+ 1-0

[Event "Pfalz op 03rd"]
[Site "Neustadt an der Weinstrasse"]
[Date "2012.03.03"]
[Round "9"]
[White "Jurkic, Bosiljko"]
[Black "Stabernack, Joschi"]
[Result "1/2-1/2"]
[WhiteElo "2036"]
[BlackElo "1818"]
[PlyCount "60"]
[EventDate "2012.02.17"]
[EventType "swiss"]
[EventRounds "9"]
[EventCountry "GER"]
[SourceTitle "EXT 2013"]
[Source "ChessBase"]
[SourceDate "2012.11.22"]
[SourceVersion "1"]
[SourceVersionDate "2012.11.22"]
[SourceQuality "1"]

1. e4 c6 2. d3 d5 3. Nd2 e5 4. Ngf3 Nd7 5. d4 dxe4 6. Nxe4 exd4 7. Qxd4 Ngf6 8. Bg5 Qa5+ 9. Bd2 Qc7 10. Bc4 b5 11. Bd3 Be7 12. b4 a6 13. 0-0 0-0 14. a4 Bb7 15. Rfe1 Rfe8 16. axb5 cxb5 17. Ng3 Rad8 18. Qh4 Nf8 19. Nf5 Ng6 20. Nxe7+ Rxe7 21. Bxg6 hxg6 22. Bg5 Rxe1+ 23. Rxe1 Qxc2 24. Bxf6 gxf6 25. Qxf6 Rd1 26. Qe7 Bxf3 27. gxf3 Rxe1+ 28. Qxe1 Qf5 29. Qc3 Qe6 30. Kg2 Kf8 1/2-1/2

[Event "Pfalz op 03rd"]
[Site "Neustadt an der Weinstrasse"]
[Date "2012.02.17"]
[Round "1"]
[White "Kvetny, Mark"]
[Black "Stabernack, Joschi"]
[Result "0-1"]
[WhiteElo "2155"]
[BlackElo "1818"]
[PlyCount "80"]
[EventDate "2012.02.17"]
[EventType "swiss"]
[EventRounds "9"]
[EventCountry "GER"]
[SourceTitle "EXT 2013"]
[Source "ChessBase"]
[SourceDate "2012.11.22"]
[SourceVersion "1"]
[SourceVersionDate "2012.11.22"]
[SourceQuality "1"]

1. d4 d5 2. c4 dxc4 3. Nf3 Nf6 4. e3 e6 5. Bxc4 c5 6. 0-0 a6 7. Bb3 Nbd7 8. Re1 b5 9. e4 Nb6 10. d5 c4 11. Bc2 Bb4 12. Nc3 0-0 13. Bg5 Qd7 14. Qd4 Rb8 15. Bxf6 gxf6 16. Qxf6 Qd8 17. Qh6 f6 18. e5 Rb7 19. dxe6 Bxe6 20. exf6 Rxf6 21. Qh4 Bc8 22. Rad1 Qf8 23. Re8 Qxe8 24. Qxf6 Be7 25. Qe5 Qf8 26. Be4 Bf6 27. Qd6 Qxd6 28. Rxd6 Be7 29. Rh6 Bf8 30. Rc6 Rb8 31. Rc7 Bg7 32. Nd5 Nxd5 33. Bxd5+ Kh8 34. Ng5 h6 35. Nf7+ Kh7 36. Nd6 Bg4 37. h3 Rd8 38. Rc6 Bh5 39. Be4+ Kg8 40. g4 Be8 0-1